Estimating for civil engineering works: some typical problems for the building estimator (Record no. 99082)

MARC details
000 -LEADER
fixed length control field 00525cam a2200193 4500
001 - CONTROL NUMBER
control field D3422
008 - FIXED-LENGTH DATA ELEMENTS--GENERAL INFORMATION
fixed length control field 090401t1976 xxu||||| |||| 00| 0 eng d
035 ## - SYSTEM CONTROL NUMBER
System control number (Sirsi) u98096
041 ## - LANGUAGE CODE
Language code of text/sound track or separate title eng
050 ## - LIBRARY OF CONGRESS CALL NUMBER
Classification number 624.05
100 ## - MAIN ENTRY--PERSONAL NAME
Personal name Elliott, D.A.
245 ## - TITLE STATEMENT
Title Estimating for civil engineering works: some typical problems for the building estimator
260 ## - PUBLICATION, DISTRIBUTION, ETC.
Place of publication, distribution, etc. Ascot
Name of publisher, distributor, etc. Institute of Building
Date of publication, distribution, etc. 1976
300 ## - PHYSICAL DESCRIPTION
Extent 6p. 30cm
350 ## - PRICE (NR) (BK AM CF MU VM SE) [OBSOLETE]
Price 0
490 ## - SERIES STATEMENT
Series statement Estimating Information Service
Volume/sequential designation 21
942 ## - ADDED ENTRY ELEMENTS (KOHA)
Suppress in OPAC 0
948 ## - LOCAL PROCESSING INFORMATION (OCLC); SERIES PART DESIGNATOR (RLIN)
c (OCLC) 04/03/1997
Holdings
Withdrawn status Lost status Source of classification or shelving scheme Damaged status Not for loan Home library Current library Shelving location Date acquired Total Checkouts Full call number Barcode Date last seen Copy number Price effective from Koha item type
    Other/Generic Classification Scheme     London London Boxed set 30/08/2002   BOXED SET 98096-1001 06/08/2019 1 06/08/2019 Book